Loading...

Cheru kadhakal /

Bibliografiske detaljer
Hovedforfatter: Vinayan
Format: Printed Book
Sprog:Malayalam
Udgivet: Kairali Publication , 1958.
LEADER 00387nam a2200133Ia 4500
008 150624b xxu||||| |||| 00| | mal d
100 |a Vinayan 
245 |c Vinayan  |a Cheru kadhakal / 
260 |b Kairali Publication ,  |c 1958. 
300 |a 132 p. 
546 |a In Malayalam. 
942 |c BK 
999 |c 72360  |d 72360 
952 |0 1  |1 0  |4 0  |7 0  |9 72306  |a UL  |b UL  |c ST1  |d 1998-09-15  |l 0  |p 6483  |r 2012-10-27  |w 2012-10-27  |y BK